Responses for Show #466 - Monday, September 22, 1986

First segment from audiorecording.

Contestants

[<< previous game]

Jay DeBoer, an attorney and state legislator from Petersburg, Virginia

Sarah Richter Fridman, a speech-language pathologist originally from New Orleans, Louisiana

Marc Wade, a systems analyst originally from Sacramento, California (whose 2-day cash winnings total $8,099)

[next game >>]

Jeopardy! Round responses

HERBS & SPICES
ANIMALS
HOLLYWOOD ROMANCES
JANUARY
MUSEUMS
POINT IT OUT
(Alex: You must physically point it out.)
    $100 21
dill

Marc
    $100 16
(Jay: What is 4?)

2

MarcJay
    $100 1
Nancy Reagan

Sarah
    $100 4
gold

Jay
    $100 25
Tennessee

Sarah
    $100 11
shoulders

Jay
    $200 22
ginger

Triple Stumper
    $200 17
the walrus

Jay
    $200 2
Ali MacGraw

Marc
    $200 5
the Republic of Ireland

Jay
    $200 26
(Marc: What is Stroh?)

Lonestar

MarcJay
    $200 12
(Alex: You got the right fingers apart there.)

[Jay salutes]

Jay
    $300 23
(Marc: What is oregano?)
(Sarah: What is cayenne?)

paprika

MarcSarah
Triple Stumper
    $300 18
bamboo

Jay
    $300 3
Vivien Leigh

Jay
    $300 6
nuclear satellites

Jay
    $300 27
(Sarah: Oh, I'm sorry, I rang in too quickly.)

the heart

SarahJay
    $300 13
(Sarah: What is the [Points at the board] TV?)
(Jay: What is a [Points at the board] computer display terminal?)

the pen you write with your names with on the TV

SarahJay
Triple Stumper
    $400 24
(Alex: [After reading the clue and as Marc rang in] We've got about a minute to go.)
(Marc: What is the "Peppermint Twist"?)

"The Cinnamon Cinder"

Marc
Triple Stumper
    $400 19
white (cream)

Marc
    $400 9
John Houseman

Marc
    $400 7
Winston Churchill

Jay
    $400 28
[The end-of-round signal sounds.]

Gettysburg

Jay
    $400 14
the eye that blinks

Jay
    $500 20
the yoke

Marc
    $400 10
(Marc: Uh, who is Jolie?)
(Alex: No, sorry, Jolie is the mother; Magda and Zsa Zsa married George Sanders--[*] is the correct response.)

Eva

Marc
    $500 8
the Kansas City Chiefs

Sarah
    $500 15
(Jay: What is the [Holds up hand] "V" for victory?)
(Sarah: What is the [Holds up fist] raised fist?)

the L

MarcSarahJay

Scores at the first commercial break (after clue 10):

Marc Sarah Jay
$200 $600 $1,300

Scores at the end of the Jeopardy! Round:

Marc Sarah Jay
$900 -$700 $2,500

Double Jeopardy! Round responses

GOVERNMENT
FAIRY TALES
FOREIGN PHRASES
BRIDGES
RADIO
"C" IN HISTORY
    $200 2
Japanese

Sarah
    $200 1
Gruff

Jay
    $200 3
she loves me; she loves me not

Marc
    $200 22
Constantinople (Istanbul)

Jay
    $200 19
Mexico

Marc
    $200 10
Christopher Columbus

Jay
    $400 7
political action committee

Marc
    $400 5
that he was a swan

Marc
    $400 4
as a pancake

Marc
    $400 23
The Golden Gate & the (Oakland) Bay Bridge

Marc
    $400 25
traffic

Marc
    $400 11
the Crusades

Jay
    $600 14
Winthrop

Jay
    $600 6
not by the hair of my chinny chin chin

Jay
    $600 13
the die

Jay
    $600 24
(Sarah: What is the Brooklyn Bridge and the... Verrazzano-Narrows?)
(Marc: What's the Brooklyn Bridge and the George Washington Bridge?)

(2 of) the Brooklyn Bridge, the Manhattan Bridge or the Williamsburg Bridge

MarcSarah
Triple Stumper
    $500 26
(Marc: What is "We Are The World" and "American The Beautiful"?)
...
(Alex: We've got a minute to go in the round.)

"We Are The World" & "Hands Across America"

Marc
    $600 12
Canada

Sarah
    $800 15
Peter Grace

Jay
    $800 8
inside the wolf

Marc
    $800 20
(Sarah: What is man-to-man?)

hand-to-hand

SarahJay
    $800 27
(Jay: What is the Rainbow Bridge?)
(Marc: What is the Friendship Bridge?)

the Peace Bridge

MarcJay
Triple Stumper
    $800 28
[The end-of-round signal sounds.]

the BBC

Jay
    $800 17
Czechoslovakia

Jay
    $1000 16
the Interstate Commerce Commission

Triple Stumper
    $1000 9
Dick Whittington

Triple Stumper
    $1000 21
without care (without worry)

Sarah
    $1000 18
Chiang Ching

Triple Stumper

Scores at the end of the Double Jeopardy! Round:

Marc Sarah Jay
$2,200 -$300 $7,700
(lock game)

[wagering suggestions for these scores]

Final Jeopardy! Round responses

POP MUSIC
(Alex: The names should have given it to you, Ted Keep, Al and Simon--Alvin, Simon and Theodore; we know them a lot better as [*].)
MarcWho are Lettermen?
$2,199
JayWho are the??
$1,700
the Chipmunks

Final scores:

Marc Sarah Jay
$1 -$300 $6,000
2nd place: Maytag washer & dryer + Carrington House Carpets 3rd place: La-Z-Boy sleep sofa New champion: $6,000

Game dynamics:

Coryat scores:

Marc Sarah Jay
$3,100 -$300 $7,700
15 R,
7 W
(including 2 DDs)
6 R,
6 W
24 R,
4 W

Combined Coryat: $10,500

[game clues] [game scores] [suggest correction]

Game tape date: 1986-08-12
The J! Archive is created by fans, for fans. Scraping, republication, monetization, and malicious use prohibited; this site may use cookies and collect identifying information. See terms. The Jeopardy! game show and all elements thereof, including but not limited to copyright and trademark thereto, are the property of Jeopardy Productions, Inc. and are protected under law. This website is not affiliated with, sponsored by, or operated by Jeopardy Productions, Inc. Join the discussion at JBoard.tv.